Psicología de la educación virtual : aprender y enseñar con las tecnologías de la información y la comunicación /

Guardado en:
Otros Autores: Coll, César. (Editor ), Monereo i Font, Carles. (Editor )
Formato: Libro
Idioma:Spanish
Publicado: Madrid : Morata, 2011.
Edición:2a. ed. (reimpr.).
Materias:
Etiquetas: Agregar Etiqueta
Sin Etiquetas, Sea el primero en etiquetar este registro!
LEADER 00869nam a22002295a 4500
001 EUN.eunm005710
005 20181121100747.0
008 141222s2011####sp#a#####b####001#0#spa#d
020 |a 9788471125194 
082 0 4 |a 371.334  |2 21 
245 0 0 |a Psicología de la educación virtual :  |b aprender y enseñar con las tecnologías de la información y la comunicación /  |c César Coll y Carlos Monereo (eds.). 
250 |a 2a. ed. (reimpr.). 
260 |a Madrid :  |b Morata,  |c 2011. 
300 |a 410 p. :  |b il. ;  |c 24 cm. 
504 |a Incluye referencias bibliográficas e índice. 
650 7 |a Educación.  |2 unbist 
650 7 |a Internet.  |2 unbist 
650 7 |a Enseñanza a distancia.  |2 unbist 
650 7 |a Tecnología educativa.  |2 unbist 
700 1 |a Coll, César.  |4 edt 
700 1 |a Monereo i Font, Carles.  |4 edt 
859 |a AR-BaUNS  |b BIB. CENTRAL - Sector A  |h 371.334  |i C683  |p 124840/014